Less famous GOT characters - Statistics

General Stats
  • This quiz has been taken 23 times
  • The average score is 11 of 16
Answer Stats
Picture Answer % Correct
Hodor
95%
Bronn Blackwater
85%
Tommen Baratheon
85%
Loras Tyrell
80%
Podrick Payne
80%
Rickon Stark
80%
Yara Grayjoy
80%
Gregor Clegane
75%
Missandei of Naath
75%
Myrcella Baratheon
70%
Tormund Giantsbane
70%
Jaqen H'gar
55%
Jojen Reed
55%
Qyburn
50%
Lancel Lannister
45%
Meera Reed
35%
No matching quizzes found
Score Distribution
Percent of People with Each Score
Percentile by Number Answered
Your Score History
You have not taken this quiz